MARC

LEADER 00000cam a2200000 7i4500
001 0000031013
005 20250729.0
008 240927 my a may
040 |a INS   |b eng   |c INS   |e rda 
041 0 |a may   |a eng 
090 0 0 |a VO515   |b 2023 
110 1 |a Kursus penilaian menara dan sistem pemancar telekomunikasi ,   |d 2023 24 - 27 Julai   |c IINSPEN, Bangi 
245 0 0 |a Kursus penilaian menara dan sistem pemancar telekomunikasi :   |b 24 - 27 Julai 2023   |c Anjuran Pusat Pembangunan Profesional, INSPEN 
264 1 |a Bangi :   |b Institut Penilaian Negara   |c 2023 
300 |a 1 volume (various pagings) :   |b illustrations ;   |c 30 cm. 
336 |a text  |2 rdacontent 
337 |a unmediated   |b 2rdamedia 
338 |a volume  |2 rdacarrier 
546 |a Teks Bahasa Melayu 
650 0 |a Continuing professional development   |z Malaysia 
650 0 |a Data collection   |x Methodology 
650 0 |a Public utilities   |x Valuation 
650 0 |a Real property   |x Appraisal   |z Malaysia 
650 0 |a Telecommunication towers   |x Valuation   |z Malaysia 
650 0 |a Transmitters   |x Law and legislation   |z Malaysia 
653 |a CPD course 
653 |a Data convergence 
653 |a Telecommunication transmitter 
653 |a Valuation approach 
710 1 |a INSPEN (Institut Penilaian Negara) 
830 0 |a Program Latihan 2023 
999 |a VO00001141   |b BOOK   |c Course Notes   |e Default branch